000
00327nam a2200133Ia 4500
005
20251222143125.0
008
251222s9999||||xx |||||||||||||| ||spa||
020
_a
978-950-892-295-3
082
_a
371.1/P65
100
_a
Pizarro, Cristina
245
0
_a
En la Búsqueda del Lector Infinito:
264
_b
Lugar
942
_c
LIB
999
_c
11697
_d
11697